[Event "Santa Fe IRT U2000"]
[Site "Santa Fe"]
[Date "2019.11.10"]
[Round "4.1"]
[White "Perez Raffo, Martin Nicolas"]
[Black "Pieklo, Francisco Emanuel"]
[Result "0-1"]
[WhiteElo "1644"]
[BlackElo "1488"]
[PlyCount "80"]
[EventDate "2019.11.09"]
[EventType "swiss"]
[EventRounds "6"]
[EventCountry "ARG"]
[SourceTitle "EXT 2024"]
[Source "ChessBase"]
[SourceDate "2023.10.10"]
[SourceVersion "1"]
[SourceVersionDate "2023.10.10"]
[SourceQuality "1"]

1. d4 f5 2. c4 Nf6 3. Nc3 g6 4. Nf3 Bg7 5. Bf4 0-0 6. Qd2 Ne4 7. Nxe4 fxe4 8. Ng5 d5 9. cxd5 Qxd5 10. e3 h6 11. Nh3 c5 12. Rc1 Kh8 13. Rxc5 Qxa2 14. Ng1 b6 15. Rc1 Nd7 16. Bc4 Qa4 17. Bd5 e5 18. dxe5 Ba6 19. Bxa8 Rxa8 20. b4 Bf8 21. Rb1 Bd3 22. Qb2 Bxb1 23. Qxb1 Bxb4+ 24. Kf1 Nc5 25. Ne2 Nb3 26. Kg1 Rc8 27. h3 Nd2 28. Qb2 Qd1+ 29. Kh2 Qxe2 30. Qxb4 Qxf2 31. Rd1 Rd8 32. Qa4 b5 33. Qa1 Nf3+ 34. Kh1 Rxd1+ 35. Qxd1 Qe1+ 36. Qxe1 Nxe1 37. e6 Kg8 38. Bb8 a5 39. Bc7 a4 40. Bd6 Nd3 0-1